LEADER 01302cam0-22004331i-450- 001 990007679530403321 005 20130509101842.0 035 $a000767953 035 $aFED01000767953 035 $a(Aleph)000767953FED01 035 $a000767953 100 $a20030814d1983----km-y0itay50------ba 101 0 $aita 102 $aIT 105 $ay---n---001yy 200 1 $aDisciplina dell'adozione e dell'affidamento dei minori$ecommento teorico-pratico alla legge 4 maggio 1983 n.184$fAlfio Finocchiaro, Mario Finocchiaro 210 $aMilano$cGiuffrè$d1983 215 $a688 p.$d24 cm 225 1 $aLeggi commentate$v27 676 $a346.015 700 1$aFinocchiaro,$bAlfio$028898 701 1$aFinocchiaro,$bMario$028899 801 0$aIT$bUNINA$gRICA$2UNIMARC 901 $aBK 912 $a990007679530403321 952 $aDPR 9-338$b2108$fDEC 952 $a10-C-199BIS$fDDCP 952 $a10-C-174$b4002$fDDCP 952 $a10-C-199$b4294$fDDCP 952 $aA-I-E-24$b151$fDDRC 952 $aCOLLEZ. 216 (27)$b493$fFSPBC 952 $aCOLLEZIONE 353 (27)$b116923$fFGBC 952 $aEE 38$b1384$fDDRC 959 $aDDCP 959 $aDDRC 959 $aFGBC 959 $aFSPBC 996 $aDisciplina dell'adozione e dell'affidamento dei minori$9681212 997 $aUNINA LEADER 00814nam0-22003011i-450 001 990003290700403321 005 20220216110253.0 035 $a000329070 035 $aFED01000329070 035 $a(Aleph)000329070FED01 035 $a000329070 100 $a20000920d--------km-y0itay50------ba 101 0 $afre 105 $ay-------001yy 200 1 $aClimatologie$ecompte rendu de recherches 210 $as.l.$cs.e.$ds.d. 215 $ap. 207 610 0 $aClimatologia 676 $a551.6 710 02$aUNESCO$9$013162 801 0$aIT$bUNINA$gRICA$2UNIMARC 901 $aBK 912 $a990003290700403321 952 $a030.003.UNE$b016398$fDECGE 959 $aDECGE 996 $aCLIMATOLOGIE$9445527 997 $aUNINA DB $aING01 LEADER 02159oam 2200613M 450 001 9910715791203321 005 20191123062009.3 035 $a(CKB)5470000002514159 035 $a(OCoLC)1065576647 035 $a(OCoLC)995470000002514159 035 $a(EXLCZ)995470000002514159 100 $a20070221d1850 ua 0 101 0 $aeng 135 $aurcn||||||||| 181 $ctxt$2rdacontent 182 $cc$2rdamedia 183 $acr$2rdacarrier 200 10$aArmory and foundry at Fort Massac. (To accompany Bill H.R. No. 32.) March 28, 1850 210 1$a[Washington, D.C.] :$c[publisher not identified],$d1850. 215 $a1 online resource (5 pages) 225 1 $aHouse report / 31st Congress, 1st session. House ;$vno. 214 225 1 $a[United States congressional serial set] ;$v[serial no. 584] 300 $aBatch processed record: Metadata reviewed, not verified. Some fields updated by batch processes. 300 $aFDLP item number not assigned. 517 $aArmory and foundry at Fort Massac. 606 $aWeapons industry 606 $aDefense industries 606 $aArsenals 606 $aArmories 606 $aArmed Forces$xAppropriations and expenditures 606 $aFoundries 606 $aGovernment purchasing of real property 606 $aMilitary bases 606 $aMilitary readiness 607 $aUnited States$xArmed Forces$xAppropriations and expenditures 608 $aLegislative materials.$2lcgft 615 0$aWeapons industry. 615 0$aDefense industries. 615 0$aArsenals. 615 0$aArmories. 615 0$aArmed Forces$xAppropriations and expenditures. 615 0$aFoundries. 615 0$aGovernment purchasing of real property. 615 0$aMilitary bases. 615 0$aMilitary readiness. 701 $aRichardson$b W. A$g(William Alexander),$f1811-1875$pDemocrat (IL)$01394547 801 0$bWYU 801 1$bWYU 801 2$bOCLCO 801 2$bOCLCQ 906 $aBOOK 912 $a9910715791203321 996 $aArmory and foundry at Fort Massac. (To accompany Bill H.R. No. 32.) March 28, 1850$93541229 997 $aUNINA